| 000 | 00485nam a2200157Ia 4500 | ||
|---|---|---|---|
| 003 | SGT | ||
| 020 | _a9789350140567 | ||
| 082 |
_a5.73 _bAGR |
||
| 100 | _aAgrawal,Udit | ||
| 245 | _aData structures using C | ||
| 260 |
_bS.K. Kataria & SONS _aN.Delhi _c2014 |
||
| 300 | _a558p. | ||
| 650 | _aCOMPUTER SCIENCE | ||
| 653 | _aINTRODUCTION TO DATA STRUCTURES, ESSENTIALS OF C LANGUAGE, INTRODUCTION TO ARRAYS AND MATRICES, THE QUEUES, RECURSION, B-TREE AND ITS VARIANTS | ||
| 942 |
_2ddc _cBK |
||
| 999 |
_c5701 _d5701 |
||